[Event "?"]
[Site "?"]
[Date "2014.04.16"]
[Round "4.10"]
[White "Hirn, Erwin"]
[Black "Walter, Thomas"]
[Result "1-0"]
[WhiteElo "2165"]
[BlackElo "2128"]
[PlyCount "135"]
[EventDate "2014.??.??"]
[WhiteTeam "SW Nürnberg Süd e.V."]
[BlackTeam "SC Erlangen 48/88 e.V."]

1. d4 e6 2. c4 Bb4+ 3. Bd2 a5 4. e3 f5 5. Bd3 Nf6 6. Nf3 O-O 7. O-O b6 8. a3
Bxd2 9. Nbxd2 Bb7 10. Qc2 d6 11. b4 c5 12. b5 Nbd7 13. Rfe1 d5 14. cxd5 Nxd5
15. Nc4 Qe7 16. Nfe5 Nxe5 17. dxe5 Qg5 18. f4 Qg6 19. Nd6 Rab8 20. Rad1 Ba8 21.
Rd2 Rbd8 22. Rf2 Qh6 23. Rf3 Qh4 24. Re2 Qe7 25. Rh3 Rxd6 26. exd6 Qxd6 27. Rd2
Rf6 28. Bc4 Rg6 29. Rg3 Qe7 30. Rxg6 hxg6 31. Qd3 Qh4 32. g3 Qg4 33. Qe2 Qxe2
34. Bxe2 Kf7 35. Bf3 Ke7 36. Kf2 c4 37. Rc2 c3 38. Bxd5 Bxd5 39. Rxc3 Kd7 40.
Ke2 Bg2 41. a4 Be4 42. Kd2 Kd8 43. Rc1 Kd7 44. Kc3 Kd6 45. Kd4 Bb7 46. Rc3 g5
47. fxg5 e5+ 48. Kd3 g6 49. h4 Bf3 50. Rc8 Bd1 51. Rc6+ Kd5 52. Rxb6 Bxa4 53.
Rxg6 Bxb5+ 54. Kd2 a4 55. Rb6 Be8 56. g6 a3 57. Kc3 Ke4 58. h5 Kxe3 59. h6 a2
60. Kb2 e4 61. h7 Bxg6 62. Rxg6 Kf3 63. h8=Q e3 64. Qe5 e2 65. Re6 f4 66. Qxf4+
Kg2 67. Rxe2+ Kh3 68. Qh4# 1-0

[Event "?"]
[Site "?"]
[Date "2014.04.16"]
[Round "4.11"]
[White "Wittmann, Helmut"]
[Black "Vogiatzis, Dimitrios"]
[Result "1-0"]
[WhiteElo "2105"]
[BlackElo "2107"]
[PlyCount "135"]
[EventDate "2014.??.??"]
[WhiteTeam "BSG Wöhrlhaus Erlangen"]
[BlackTeam "SC Noris-Tarrasch Nürnberg 1873"]

1. d4 d5 2. c4 e6 3. Nc3 c6 4. Nf3 f5 5. Bf4 Nf6 6. e3 Be7 7. h3 O-O 8. g4 Ne4
9. gxf5 exf5 10. cxd5 cxd5 11. Qb3 Nxc3 12. bxc3 Nc6 13. Rg1 Kh8 14. Bd3 b6 15.
Qd1 Bd7 16. Ng5 Qe8 17. h4 h6 18. Nf3 Bf6 19. Qb3 Qf7 20. Ng5 Qg8 21. Be2 Rac8
22. Bf3 Ne7 23. Bd6 Rc4 24. Qa3 Ra4 25. Qb3 Rc4 26. Be2 Rc6 27. Qa3 Re8 28. Nf3
Qe6 29. Bf4 Rec8 30. Rc1 a5 31. h5 Ng8 32. Ne5 Bxe5 33. Bxe5 Nf6 34. Bb5 Nxh5
35. Bxc6 Bxc6 36. Qd6 Qxd6 37. Bxd6 Kh7 38. Be5 b5 39. a4 bxa4 40. c4 Be8 41.
c5 Bc6 42. Rb1 Re8 43. Rb6 Re6 44. Ke2 f4 45. Bd6 Be8 46. c6 Rxd6 47. c7 Rxb6
48. c8=Q Bb5+ 49. Kf3 Rf6 50. Qg4 fxe3+ 51. Kxe3 Be8 52. Rc1 Rb6 53. Qf5+ Bg6
54. Qxd5 Rb3+ 55. Kd2 Nf4 56. Qd6 Rd3+ 57. Ke1 Rf3 58. Rc7 a3 59. Ra7 a2 60.
Rxa5 Nd3+ 61. Kd2 Rxf2+ 62. Ke3 Rb2 63. Ra6 Rg2 64. Ra7 Nc1 65. Qc7 Bb1 66.
Qxc1 Rc2 67. Qg1 Rc3+ 68. Kd2 1-0

[Event "?"]
[Site "?"]
[Date "2014.04.16"]
[Round "4.13"]
[White "Pidtoptanyy, Igor"]
[Black "Korth, Manfred"]
[Result "1/2-1/2"]
[WhiteElo "1989"]
[BlackElo "1904"]
[PlyCount "59"]
[EventDate "2014.??.??"]
[WhiteTeam "SW Nürnberg Süd e.V."]
[BlackTeam "SC Heideck-Hilpoltstein"]

1. e4 d6 2. d4 Nf6 3. Nc3 c6 4. Nf3 Bg4 5. Be2 e6 6. O-O Be7 7. Re1 d5 8. e5
Nfd7 9. Bf4 c5 10. dxc5 Nxc5 11. Nd4 Bxe2 12. Qxe2 O-O 13. Qg4 Kh8 14. Re3 g5
15. Qh5 Rg8 16. Rh3 Rg7 17. Be3 Qg8 18. Re1 Nc6 19. Nxc6 bxc6 20. Bxc5 Bxc5 21.
Na4 Be7 22. Qe2 Qc8 23. c3 Rb8 24. b3 Qb7 25. Qc2 c5 26. c4 d4 27. Re4 Rd8 28.
Qd3 a5 29. Rg4 Rdg8 30. Rh5 1/2-1/2

[Event "?"]
[Site "?"]
[Date "2014.04.16"]
[Round "4.14"]
[White "Brenner, Christian"]
[Black "Kroneder, Christian"]
[Result "1/2-1/2"]
[WhiteElo "2064"]
[BlackElo "2059"]
[PlyCount "62"]
[EventDate "2014.??.??"]
[WhiteTeam "Spvg Zabo-Eintracht Nürnberg e.V"]
[BlackTeam "SK Schwanstetten 79 e.V."]

1. e4 c5 2. Nf3 d6 3. d4 cxd4 4. Nxd4 Nf6 5. Nc3 a6 6. Bg5 e6 7. Bc4 Be7 8. Qd2
b5 9. Bxf6 Bxf6 10. Bb3 Qb6 11. Nf3 O-O 12. Rd1 a5 13. a4 b4 14. Nb5 Nc6 15.
O-O Ba6 16. Bc4 Rfd8 17. b3 d5 18. exd5 exd5 19. Bd3 Bxb5 20. Bxb5 Rac8 21. Qf4
Ne7 22. Bd3 Ng6 23. Qg4 Qd6 24. g3 Bc3 25. h4 Ne5 26. Nxe5 Qxe5 27. Kg2 Rc6 28.
f4 Qf6 29. Rf2 Re6 30. Re2 Rde8 31. Rxe6 Qxe6 1/2-1/2

[Event "?"]
[Site "?"]
[Date "2014.04.16"]
[Round "4.15"]
[White "Friedrich, Michael"]
[Black "Schlötterer, Hermann"]
[Result "0-1"]
[WhiteElo "1656"]
[BlackElo "1944"]
[PlyCount "50"]
[EventDate "2014.??.??"]
[WhiteTeam "SC Erlangen 48/88 e.V."]
[BlackTeam "Spvg Zabo-Eintracht Nürnberg e.V"]

1. Nf3 Nf6 2. c4 g6 3. g3 Bg7 4. Bg2 O-O 5. O-O d6 6. Nc3 e5 7. d3 Nc6 8. Bg5
h6 9. Bd2 Ne8 10. Nd5 f5 11. Qc1 Kh7 12. Bc3 Ne7 13. Nxe7 Qxe7 14. b4 c6 15.
Qb2 Be6 16. c5 Bd5 17. cxd6 Nxd6 18. Nxe5 Bxg2 19. Kxg2 Nb5 20. d4 Rad8 21. e3
Rfe8 22. Nc4 Qe4+ 23. f3 Qd3 24. Qb3 Qxc3 25. Qxc3 Nxc3 0-1

[Event "?"]
[Site "?"]
[Date "2014.04.16"]
[Round "5.1"]
[White "Wagner, Florian"]
[Black "Hirn, Oskar"]
[Result "1/2-1/2"]
[WhiteElo "2189"]
[BlackElo "2229"]
[PlyCount "30"]
[EventDate "2014.??.??"]
[WhiteTeam "SC Noris-Tarrasch Nürnberg 1873"]
[BlackTeam "SC Noris-Tarrasch Nürnberg 1873"]

1. d4 Nf6 2. Nf3 e6 3. Bf4 b6 4. e3 Bb7 5. h3 Be7 6. Be2 O-O 7. O-O d6 8. c4 c5
9. Nc3 cxd4 10. exd4 d5 11. Rc1 Nbd7 12. Ne5 Nxe5 13. dxe5 Ne4 14. Nxe4 dxe4
15. Qxd8 Rfxd8 1/2-1/2

[Event "?"]
[Site "?"]
[Date "2014.04.16"]
[Round "5.2"]
[White "Miller, Eduard"]
[Black "Seibold, Hubert"]
[Result "1/2-1/2"]
[WhiteElo "2094"]
[BlackElo "2163"]
[PlyCount "46"]
[EventDate "2014.??.??"]
[WhiteTeam "SC Erlangen 48/88 e.V."]
[BlackTeam "SK Zirndorf e.V."]

1. e4 c5 2. Nf3 e6 3. b3 Nc6 4. Bb2 Nf6 5. e5 Ng4 6. g3 d6 7. exd6 Qxd6 8. Bg2
Nf6 9. O-O Be7 10. Na3 Qc7 11. Qe2 O-O 12. Nc4 b6 13. d4 Bb7 14. dxc5 Bxc5 15.
Nce5 Rfd8 16. Ng5 Nxe5 17. Bxe5 Qe7 18. Bxb7 Qxb7 19. b4 Bd4 20. Bxd4 Rxd4 21.
c3 Rd5 22. Ne4 Nxe4 23. Qxe4 b5 1/2-1/2

[Event "?"]
[Site "?"]
[Date "2014.04.16"]
[Round "5.3"]
[White "Ederer, Rene"]
[Black "Saathoff, Richard"]
[Result "1-0"]
[WhiteElo "2116"]
[BlackElo "2139"]
[PlyCount "77"]
[EventDate "2014.??.??"]
[WhiteTeam "SC Noris-Tarrasch Nürnberg 1873"]
[BlackTeam "SW Nürnberg Süd e.V."]

1. d4 Nf6 2. c4 g6 3. Nc3 Bg7 4. e4 d6 5. f3 O-O 6. Be3 e5 7. d5 c6 8. Qd2 cxd5
9. cxd5 a6 10. Bd3 Nbd7 11. Nge2 b5 12. b4 Nh5 13. O-O f5 14. a4 bxa4 15. Rxa4
Nb6 16. Ra2 Nf6 17. Kh1 fxe4 18. fxe4 Ng4 19. Rxf8+ Bxf8 20. Ng1 Be7 21. Nf3
Nxe3 22. Qxe3 Qc7 23. Ne2 Qd8 24. Qc1 Bb7 25. Qa1 Qc8 26. h3 Bd8 27. Nd2 Kg7
28. Ng1 Bf6 29. Ngf3 Nxd5 30. Rc2 Qb8 31. exd5 e4 32. Qc1 exd3 33. Rc7+ Kg8 34.
Ne4 Bg7 35. Nxd6 d2 36. Nxd2 Be5 37. N2e4 Bxd5 38. Rc8+ Qxc8 39. Nxc8 1-0

[Event "?"]
[Site "?"]
[Date "2014.04.16"]
[Round "5.4"]
[White "Leopold, Christian"]
[Black "Kotz, Reinhard"]
[Result "1/2-1/2"]
[WhiteElo "2060"]
[BlackElo "2180"]
[PlyCount "103"]
[EventDate "2014.??.??"]
[WhiteTeam "SV Lauf a.d.P."]
[BlackTeam "SV Puschendorf 1949 e.V."]

1. e4 Nf6 2. e5 Nd5 3. c4 Nb6 4. d4 d6 5. exd6 exd6 6. Nc3 Be7 7. Bd3 Nc6 8.
Nge2 Bg4 9. f3 Bh4+ 10. Ng3 Bd7 11. Nce2 Bf6 12. Be3 Nb4 13. O-O Nxd3 14. Qxd3
d5 15. b3 O-O 16. c5 Nc8 17. Rac1 g6 18. Bh6 Re8 19. f4 Ne7 20. f5 Nxf5 21.
Nxf5 Bxf5 22. Rxf5 gxf5 23. Qxf5 Rxe2 24. Qg4+ Kh8 25. Qxe2 Bxd4+ 26. Kh1 Qf6
27. Bd2 Qe6 28. Qd3 Be5 29. Re1 f6 30. Re3 c6 31. Rh3 Qf7 32. Qf5 Rg8 33. Qf1
Rg6 34. Rf3 Qe7 35. b4 a6 36. a4 Rg4 37. Rb3 Re4 38. Re3 Bd4 39. Rd3 Qe5 40.
Rf3 Kg7 41. Rf5 Qe6 42. h3 Be3 43. Bxe3 Rxe3 44. Qf4 Re1+ 45. Kh2 Re5 46. Qg3+
Kf7 47. Rf3 Re4 48. Qc7+ Qe7 49. Qc8 Qe5+ 50. Rg3 Rxb4 51. Qd7+ Kf8 52. Qd8+
1/2-1/2

[Event "?"]
[Site "?"]
[Date "2014.04.16"]
[Round "5.5"]
[White "Reis, Gerhard"]
[Black "Wittmann, Helmut"]
[Result "1-0"]
[WhiteElo "2202"]
[BlackElo "2105"]
[PlyCount "81"]
[EventDate "2014.??.??"]
[WhiteTeam "SW Nürnberg Süd e.V."]
[BlackTeam "BSG Wöhrlhaus Erlangen"]

1. Nf3 d5 2. d4 Bg4 3. c4 Bxf3 4. gxf3 e6 5. Nc3 Nc6 6. cxd5 exd5 7. Bf4 Nge7
8. e3 Ng6 9. Bg3 h5 10. Qb3 Bb4 11. Bb5 Qe7 12. O-O-O Bxc3 13. Qxc3 O-O 14. h4
Nb4 15. Kb1 a5 16. a3 Na6 17. Bxa6 Rxa6 18. Qxc7 Qf6 19. Qxb7 Ne7 20. Be5 Qe6
21. Qb5 Rfa8 22. Rhg1 g6 23. Rc1 a4 24. Rc7 Nc6 25. Rc1 Na5 26. Qc5 Nc4 27. e4
Nd2+ 28. Kc2 Nb3 29. Qxd5 Nxc1 30. Qxe6 Rxe6 31. Kxc1 f6 32. Bf4 Ree8 33. Kd2
Rab8 34. Bh6 Rxb2+ 35. Ke3 Rb3+ 36. Kf4 g5+ 37. Kf5 Rxf3+ 38. Kg6 gxh4 39. Rg7+
Kh8 40. Rh7+ Kg8 41. Bg7 1-0

[Event "?"]
[Site "?"]
[Date "2014.04.16"]
[Round "5.6"]
[White "Erlbeck, Peter"]
[Black "Just, Hannes"]
[Result "1-0"]
[WhiteElo "2091"]
[BlackElo "2137"]
[PlyCount "43"]
[EventDate "2014.??.??"]
[WhiteTeam "SW Nürnberg Süd e.V."]
[BlackTeam "SW Nürnberg Süd e.V."]

1. e4 Nf6 2. e5 Nd5 3. c4 Nb6 4. d4 d6 5. f4 g6 6. Be3 Bg7 7. Nc3 c6 8. Be2
dxe5 9. dxe5 Be6 10. Qxd8+ Kxd8 11. b3 f6 12. Rd1+ N8d7 13. Nf3 Kc7 14. Nd4 Bg8
15. e6 Nf8 16. f5 Rd8 17. Ndb5+ cxb5 18. Nxb5+ Kc8 19. Nxa7+ Kb8 20. Rxd8+ Kc7
21. Re8 h6 22. Bf4# 1-0

[Event "?"]
[Site "?"]
[Date "2014.04.16"]
[Round "5.7"]
[White "Meulner, Klaus"]
[Black "Hirn, Erwin"]
[Result "0-1"]
[WhiteElo "2123"]
[BlackElo "2165"]
[PlyCount "66"]
[EventDate "2014.??.??"]
[WhiteTeam "SW Nürnberg Süd e.V."]
[BlackTeam "SW Nürnberg Süd e.V."]

1. d4 d5 2. c4 e6 3. Nc3 Nf6 4. cxd5 exd5 5. Bg5 Be7 6. e3 c6 7. Qc2 Be6 8. Bd3
h6 9. Bh4 Nbd7 10. Nge2 O-O 11. f3 Re8 12. Bf2 Nf8 13. h3 Rc8 14. g4 N6h7 15.
h4 c5 16. O-O-O g6 17. Rdg1 Kh8 18. Nf4 Bd6 19. h5 g5 20. Ng6+ Kg7 21. Ne5 cxd4
22. exd4 Bxe5 23. dxe5 d4 24. f4 Bxa2 25. Rd1 dxc3 26. bxc3 Qa5 27. Be1 Red8
28. f5 Qa3+ 29. Kd2 Bb3 30. Qb1 Bxd1 31. Kxd1 Qa4+ 32. Kc1 Qf4+ 33. Bd2 Rxc3+
0-1

[Event "?"]
[Site "?"]
[Date "2014.04.16"]
[Round "5.9"]
[White "Rausch, Wolfgang jr"]
[Black "Zühlke, Burkhard"]
[Result "1/2-1/2"]
[WhiteElo "2149"]
[BlackElo "2087"]
[PlyCount "66"]
[EventDate "2014.??.??"]
[WhiteTeam "SV Lauf a.d.P."]
[BlackTeam "SK Zirndorf e.V."]

1. d4 Nf6 2. Bg5 c5 3. d5 Qb6 4. Nc3 g6 5. e4 d6 6. Bb5+ Nbd7 7. a4 a6 8. a5
Qc7 9. Bxd7+ Bxd7 10. f3 Bg7 11. Nge2 O-O 12. Qd2 e6 13. O-O Rad8 14. Rfd1 e5
15. Na4 Bb5 16. Nb6 Bxe2 17. Qxe2 h6 18. Be3 Nh5 19. Nc4 f5 20. Ra3 Nf4 21. Qd2
Qe7 22. g3 Nh3+ 23. Kg2 Ng5 24. Bxg5 hxg5 25. Qe2 g4 26. fxg4 f4 27. Rf1 g5 28.
Rb3 Rf6 29. h4 gxh4 30. gxh4 Rh6 31. h5 Qg5 32. Rh3 Rd7 33. Kf3 Bf8 1/2-1/2

[Event "?"]
[Site "?"]
[Date "2014.04.16"]
[Round "5.10"]
[White "Götz, Andreas"]
[Black "Tong, Kevin"]
[Result "1-0"]
[WhiteElo "2116"]
[BlackElo "1699"]
[PlyCount "109"]
[EventDate "2014.??.??"]
[WhiteTeam "SC Erlangen 48/88 e.V."]
[BlackTeam "SC Erlangen 48/88 e.V."]

1. e4 c5 2. Nf3 Nc6 3. c3 g6 4. Bb5 Bg7 5. O-O d6 6. d4 cxd4 7. cxd4 a6 8.
Bxc6+ bxc6 9. h3 Nf6 10. Nc3 d5 11. e5 Nd7 12. Bf4 e6 13. Na4 O-O 14. Rc1 Bb7
15. Bg5 Qa5 16. b4 Qc7 17. Be7 Rfe8 18. Bd6 Qd8 19. Nc5 Nxc5 20. bxc5 a5 21.
Rb1 Ba6 22. Re1 a4 23. Re3 Bb5 24. a3 Qa5 25. Rb4 Ra7 26. g4 Rb7 27. Rc3 Ra8
28. Rc1 Raa7 29. Rcb1 Qa6 30. Qd2 Bc4 31. Qg5 h6 32. Qd8+ Kh7 33. Rxb7 Rxb7 34.
Rxb7 Qxb7 35. Qb6 Ba6 36. Ne1 f6 37. h4 fxe5 38. dxe5 Qc8 39. Nc2 Bc4 40. Nd4
Qe8 41. Qc7 Qg8 42. Nxc6 Kh8 43. Qd8 Ba6 44. Qe7 Qa8 45. Nd4 Bc8 46. Qd8+ Kh7
47. Nxe6 Qb7 48. Qc7 Qxc7 49. Nxc7 d4 50. Kf1 Bxg4 51. Ke1 d3 52. Kd2 Bf5 53.
e6 h5 54. e7 Bh6+ 55. f4 1-0

[Event "?"]
[Site "?"]
[Date "2014.04.16"]
[Round "5.11"]
[White "Walter, Thomas"]
[Black "Pidtoptanyy, Igor"]
[Result "1-0"]
[WhiteElo "2128"]
[BlackElo "1989"]
[PlyCount "79"]
[EventDate "2014.??.??"]
[WhiteTeam "SC Erlangen 48/88 e.V."]
[BlackTeam "SW Nürnberg Süd e.V."]

1. e4 e6 2. d4 d5 3. Bd3 dxe4 4. Bxe4 Nf6 5. Bf3 c5 6. Ne2 Nc6 7. Be3 Nd5 8.
Bxd5 exd5 9. O-O cxd4 10. Nxd4 Be7 11. Nc3 O-O 12. Qh5 Bf6 13. Rad1 Ne5 14. h3
g6 15. Qe2 Nc4 16. Bc1 Nb6 17. Rfe1 Bd7 18. Qf3 Bc6 19. Kh2 Bg7 20. Bf4 Re8 21.
Ncb5 Rxe1 22. Rxe1 Qd7 23. Qb3 Nc4 24. c3 a6 25. Na3 Nxa3 26. Qxa3 Re8 27.
Rxe8+ Qxe8 28. Qd6 h5 29. h4 Qc8 30. Be5 Qe8 31. f4 Bxe5 32. fxe5 Qd7 33. Qf6
Qc7 34. g3 Be8 35. g4 hxg4 36. h5 g3+ 37. Kxg3 Qc4 38. h6 Qd3+ 39. Nf3 Kf8 40.
h7 1-0

[Event "?"]
[Site "?"]
[Date "2014.04.16"]
[Round "5.12"]
[White "Vogiatzis, Dimitrios"]
[Black "Zhao, Kevin"]
[Result "0-1"]
[WhiteElo "2107"]
[BlackElo "1867"]
[PlyCount "120"]
[EventDate "2014.??.??"]
[WhiteTeam "SC Noris-Tarrasch Nürnberg 1873"]
[BlackTeam "SC Erlangen 48/88 e.V."]

1. d4 e6 2. e3 f5 3. g4 fxg4 4. h3 g3 5. fxg3 Nf6 6. Bd3 Bd6 7. Qf3 O-O 8. Ne2
e5 9. Nbc3 c5 10. Bd2 exd4 11. Nd5 Nc6 12. exd4 cxd4 13. Bf5 Be5 14. O-O-O d6
15. Bd3 Be6 16. Ndf4 Bf7 17. g4 Ne7 18. g5 Nfd5 19. Qe4 g6 20. h4 Qc8 21. h5
Nxf4 22. Nxf4 Qc6 23. hxg6 Nxg6 24. Nxg6 Bxg6 25. Qxc6 bxc6 26. Bxg6 hxg6 27.
Rh6 Kg7 28. Rdh1 Rh8 29. Kd1 Raf8 30. Ke2 Rxh6 31. gxh6+ Kh7 32. Rh3 Bf4 33.
Rf3 Re8+ 34. Kd3 Bxd2 35. Kxd2 Re7 36. Rf6 Rd7 37. Kd3 c5 38. Kc4 Kxh6 39. Kd5
Kh5 40. Rf1 g5 41. Ke6 Rd8 42. Rf7 Re8+ 43. Kxd6 c4 44. Kc5 d3 45. cxd3 cxd3
46. Rd7 Re2 47. Rxa7 Rc2+ 48. Kb4 Rxb2+ 49. Ka3 Rb1 50. Rd7 g4 51. Rxd3 Kh4 52.
Rd8 g3 53. Rh8+ Kg4 54. Rg8+ Kf3 55. Rf8+ Ke2 56. Re8+ Kf2 57. Rf8+ Kg1 58. Ka4
g2 59. Ka5 Kh2 60. a4 g1=Q 0-1

[Event "?"]
[Site "?"]
[Date "2014.04.16"]
[Round "5.13"]
[White "Korth, Manfred"]
[Black "Brenner, Christian"]
[Result "1/2-1/2"]
[WhiteElo "1904"]
[BlackElo "2064"]
[PlyCount "85"]
[EventDate "2014.??.??"]
[WhiteTeam "SC Heideck-Hilpoltstein"]
[BlackTeam "Spvg Zabo-Eintracht Nürnberg e.V"]

1. Nf3 Nf6 2. c3 g6 3. g3 Bg7 4. d3 O-O 5. Nbd2 c5 6. Bg2 Nc6 7. O-O d5 8. e4
dxe4 9. dxe4 Qc7 10. Qe2 h6 11. a4 e5 12. Nc4 Be6 13. b3 Rfd8 14. Ba3 b6 15.
Rad1 Ne8 16. Bb2 Rxd1 17. Rxd1 Rd8 18. Rxd8 Qxd8 19. Nfd2 Qd7 20. Ne3 h5 21.
Nd5 Qd8 22. Nc4 h4 23. Nce3 Nf6 24. Bf3 Ne7 25. Qd1 Nc6 26. Qe2 Nh7 27. Qb5 Bd7
28. Qd3 Ng5 29. Be2 Nh3+ 30. Kf1 hxg3 31. hxg3 Ng5 32. Ke1 Ne6 33. Bg4 Bh6 34.
Bc1 Bg5 35. Bd2 Na5 36. b4 Nb3 37. b5 Nxd2 38. Qxd2 c4 39. Qe2 Nc5 40. Qxc4
Bxe3 41. Nxe3 Bxg4 42. Nxg4 Qg5 43. Ne3 1/2-1/2

[Event "?"]
[Site "?"]
[Date "2014.04.16"]
[Round "5.14"]
[White "Rausch, Wolfgang sr"]
[Black "Schlötterer, Hermann"]
[Result "1-0"]
[WhiteElo "1888"]
[BlackElo "1944"]
[PlyCount "51"]
[EventDate "2014.??.??"]
[WhiteTeam "SC Noris-Tarrasch Nürnberg 1873"]
[BlackTeam "Spvg Zabo-Eintracht Nürnberg e.V"]

1. c4 g6 2. Nc3 Bg7 3. Nf3 d6 4. d4 Nc6 5. e4 e5 6. dxe5 dxe5 7. Be2 Nge7 8.
Qxd8+ Nxd8 9. Nb5 Ne6 10. Ng5 Nd4 11. Nxc7+ Kd7 12. Nxa8 Nc2+ 13. Kd2 Nxa1 14.
Kc3 b6 15. Rd1+ Kc6 16. Nxf7 Rf8 17. Nd8+ Rxd8 18. Rxd8 Bd7 19. Bg5 Kd6 20. Bg4
Nf5 21. Bxf5 gxf5 22. Rg8 Bc6 23. Rxg7 Bxa8 24. exf5 Be4 25. f6 b5 26. cxb5 1-0

[Event "?"]
[Site "?"]
[Date "2014.04.16"]
[Round "5.15"]
[White "Kroneder, Christian"]
[Black "Friedrich, Michael"]
[Result "1-0"]
[WhiteElo "2059"]
[BlackElo "1656"]
[PlyCount "55"]
[EventDate "2014.??.??"]
[WhiteTeam "SK Schwanstetten 79 e.V."]
[BlackTeam "SC Erlangen 48/88 e.V."]

1. e4 g6 2. d4 Bg7 3. Nc3 c5 4. Nf3 d6 5. Be3 Qa5 6. Be2 Nf6 7. O-O cxd4 8.
Nxd4 O-O 9. f3 Nc6 10. Nb3 Qh5 11. Qd2 Ne5 12. f4 Neg4 13. h3 Qh4 14. hxg4 Bxg4
15. Nd4 Nh5 16. Bxg4 Qxg4 17. Qe2 Qh4 18. Nf3 Qg4 19. Nh2 Qh4 20. Qf2 Ng3 21.
Ne2 Nxe2+ 22. Qxe2 Qf6 23. c3 Qe6 24. Bd4 f5 25. Bxg7 Kxg7 26. Nf3 h6 27. Nd4
Qxe4 28. Ne6+ 1-0

[Event "?"]
[Site "?"]
[Date "2014.04.17"]
[Round "6.1"]
[White "Ederer, Rene"]
[Black "Wagner, Florian"]
[Result "1-0"]
[WhiteElo "2116"]
[BlackElo "2189"]
[PlyCount "75"]
[EventDate "2014.??.??"]
[WhiteTeam "SC Noris-Tarrasch Nürnberg 1873"]
[BlackTeam "SC Noris-Tarrasch Nürnberg 1873"]

1. d4 d5 2. c4 c6 3. Nf3 Nf6 4. Nc3 a6 5. cxd5 cxd5 6. Qb3 Nc6 7. Bg5 e6 8. e3
Be7 9. Bd3 O-O 10. O-O b5 11. Rac1 Bb7 12. Qd1 Rc8 13. Qe2 Na5 14. Rfd1 Nc4 15.
b3 Nd6 16. a4 b4 17. Bxf6 Bxf6 18. Nb1 a5 19. Ne1 g6 20. h3 Qe7 21. Qb2 e5 22.
dxe5 Bxe5 23. Qe2 Ne4 24. Nf3 Bg7 25. Bxe4 dxe4 26. Nd4 Rxc1 27. Rxc1 Bxd4 28.
exd4 Re8 29. Rd1 Bd5 30. Nd2 Rc8 31. Nc4 Bxc4 32. bxc4 Qd7 33. Qa2 Qc6 34. c5
Rd8 35. Qc4 Qxa4 36. Qe2 Qd7 37. d5 h6 38. c6 1-0

[Event "?"]
[Site "?"]
[Date "2014.04.17"]
[Round "6.3"]
[White "Hirn, Erwin"]
[Black "Miller, Eduard"]
[Result "0-1"]
[WhiteElo "2165"]
[BlackElo "2094"]
[PlyCount "80"]
[EventDate "2014.??.??"]
[WhiteTeam "SW Nürnberg Süd e.V."]
[BlackTeam "SC Erlangen 48/88 e.V."]

1. d4 Nf6 2. c4 e6 3. Nf3 c5 4. e3 cxd4 5. exd4 Be7 6. Nc3 O-O 7. Bd3 d5 8. O-O
dxc4 9. Bxc4 Nbd7 10. Re1 Nb6 11. Bd3 Nbd5 12. Ne5 Bd7 13. Qf3 Rc8 14. Qh3 Bc6
15. Bg5 g6 16. Bh6 Nb4 17. Nxc6 Rxc6 18. Bxf8 Bxf8 19. Rad1 Rd6 20. a3 Nc6 21.
d5 exd5 22. Nb5 Rd7 23. Nc3 Bg7 24. Qh4 h5 25. Re2 Qb6 26. Na4 Qa5 27. Nc3 Qc5
28. Rc2 Ng4 29. Ne2 Qb6 30. h3 Bf6 31. Qg3 Be5 32. Qf3 Bh2+ 33. Kh1 Nxf2+ 34.
Kxh2 Nxd1 35. Qf4 Nxb2 36. Rd2 Nxd3 37. Rxd3 d4 38. Ng3 Qc7 39. Qg5 Qe5 40. Qd2
h4 0-1

[Event "?"]
[Site "?"]
[Date "2014.04.17"]
[Round "6.4"]
[White "Leopold, Christian"]
[Black "Erlbeck, Peter"]
[Result "1-0"]
[WhiteElo "2060"]
[BlackElo "2091"]
[PlyCount "97"]
[EventDate "2014.??.??"]
[WhiteTeam "SV Lauf a.d.P."]
[BlackTeam "SW Nürnberg Süd e.V."]

1. e4 c5 2. Nc3 Nc6 3. g3 g6 4. Bg2 Bg7 5. d3 d6 6. Be3 e6 7. Qd2 Nd4 8. Nd1
Nf6 9. h3 Rb8 10. c3 Nc6 11. Ne2 b6 12. O-O Bb7 13. f4 O-O 14. g4 h5 15. g5 Nd7
16. f5 exf5 17. exf5 Re8 18. d4 Na5 19. Qd3 c4 20. Qd2 Bxg2 21. Kxg2 Qe7 22.
Rf3 f6 23. Nf4 gxf5 24. Nxh5 fxg5 25. Nxg7 Kxg7 26. Rxf5 Qe4+ 27. Rf3 Rf8 28.
Qe2 Kg6 29. Nf2 Qxf3+ 30. Qxf3 Rxf3 31. Kxf3 Rf8+ 32. Ke2 Kh5 33. Rg1 Rg8 34.
Ne4 d5 35. Rxg5+ Rxg5 36. Nxg5 Kh4 37. Kf3 Nc6 38. Kg2 b5 39. Ne6 b4 40. Bf2+
Kh5 41. Nf4+ Kh6 42. Nxd5 bxc3 43. bxc3 Kg6 44. Kf3 Kf7 45. Bg3 Nd8 46. Ne3 Ne6
47. Nxc4 Ng5+ 48. Kg4 Ne4 49. Nd6+ 1-0

[Event "?"]
[Site "?"]
[Date "2014.04.17"]
[Round "6.5"]
[White "Hirn, Oskar"]
[Black "Kotz, Reinhard"]
[Result "1-0"]
[WhiteElo "2229"]
[BlackElo "2180"]
[PlyCount "161"]
[EventDate "2014.??.??"]
[WhiteTeam "SC Noris-Tarrasch Nürnberg 1873"]
[BlackTeam "SV Puschendorf 1949 e.V."]

1. c4 e5 2. g3 Bc5 3. Bg2 Nc6 4. Nc3 Nf6 5. d3 h6 6. e3 O-O 7. Nge2 a6 8. a3 d6
9. O-O Ne7 10. b4 Ba7 11. Bb2 c6 12. d4 Be6 13. Qd3 Rc8 14. Rad1 Qc7 15. f4
exd4 16. Nxd4 Bxd4 17. Qxd4 Nf5 18. Qd3 Qb6 19. Rde1 Ng4 20. Nd1 Rfe8 21. Be4
Bxc4 22. Qxc4 d5 23. Bxf5 dxc4 24. Bd4 Qd8 25. Bxg4 Ra8 26. Nc3 a5 27. b5 a4
28. bxc6 bxc6 29. Bf3 Qd6 30. Rd1 Qxa3 31. Bxc6 Rec8 32. Bxa8 Rxa8 33. Ra1 Qb3
34. Rfb1 Qc2 35. Ra2 Qd3 36. Rd1 Qf5 37. Rxa4 Rxa4 38. Nxa4 h5 39. Nc3 h4 40.
gxh4 Qg4+ 41. Kf1 Qf3+ 42. Ke1 Qh1+ 43. Kd2 Qxh2+ 44. Ne2 f6 45. Rc1 Qxh4 46.
Rxc4 Qg4 47. Rc5 Qe6 48. Kd3 Qa6+ 49. Kd2 Qa2+ 50. Rc2 Qa5+ 51. Bc3 Qd5+ 52.
Bd4 Qa5+ 53. Nc3 Qa8 54. Ra2 Qg2+ 55. Kd3 Qf1+ 56. Kc2 Qg2+ 57. Kb3 Qb7+ 58.
Kc4 Qc6+ 59. Kd3 Qf3 60. Ra7 Qf1+ 61. Kc2 Qf3 62. Kb3 Qf1 63. Kb4 Qf3 64. Kc5
Qh5+ 65. Nd5 Qe2 66. Kd6 Qc4 67. Ne7+ Kh8 68. Ra1 Qb4+ 69. Kd7 Qb5+ 70. Ke6
Qb3+ 71. Kf5 Qb5+ 72. Kg4 Qd7+ 73. Nf5 Qb7 74. Kg3 Qe4 75. Nh4 Kh7 76. Rg1 Qc6
77. Rg2 Qe4 78. Rh2 Kg8 79. Rg2 Kh7 80. Kh3 Qe6+ 81. Kh2 1-0

[Event "?"]
[Site "?"]
[Date "2014.04.17"]
[Round "6.6"]
[White "Just, Hannes"]
[Black "Rausch, Wolfgang jr"]
[Result "1-0"]
[WhiteElo "2137"]
[BlackElo "2149"]
[PlyCount "35"]
[EventDate "2014.??.??"]
[WhiteTeam "SW Nürnberg Süd e.V."]
[BlackTeam "SV Lauf a.d.P."]

1. e4 c6 2. d4 d5 3. e5 c5 4. dxc5 Nc6 5. Nf3 Bg4 6. Bb5 e6 7. b4 a5 8. c3 Qc7
9. Nbd2 Nge7 10. O-O O-O-O 11. Qa4 d4 12. Nxd4 Nxd4 13. cxd4 Rxd4 14. Nc4 Nd5
15. Bb2 Rxc4 16. Bxc4 Nxb4 17. c6 bxc6 18. a3 1-0

[Event "?"]
[Site "?"]
[Date "2014.04.17"]
[Round "6.7"]
[White "Saathoff, Richard"]
[Black "Surinya, Tibor"]
[Result "1/2-1/2"]
[WhiteElo "2139"]
[BlackElo "2063"]
[PlyCount "45"]
[EventDate "2014.??.??"]
[WhiteTeam "SW Nürnberg Süd e.V."]
[BlackTeam "SC Noris-Tarrasch Nürnberg 1873"]

1. e4 e6 2. d4 d5 3. Nc3 dxe4 4. Nxe4 Nf6 5. Nxf6+ gxf6 6. Nf3 b6 7. Bb5+ c6 8.
Bc4 Ba6 9. Bxa6 Nxa6 10. Qe2 Nc7 11. Bd2 Qd7 12. O-O-O O-O-O 13. Rhe1 Bd6 14.
g3 Kb8 15. Kb1 Qc8 16. Qe4 Qb7 17. Qh4 Ne8 18. Ne5 Rc8 19. Nc4 Be7 20. Qh5 Bf8
21. Bf4+ Ka8 22. Ne3 Bd6 23. Qh6 1/2-1/2

[Event "?"]
[Site "?"]
[Date "2014.04.17"]
[Round "6.8"]
[White "Wittmann, Helmut"]
[Black "Meulner, Klaus"]
[Result "1-0"]
[WhiteElo "2105"]
[BlackElo "2123"]
[PlyCount "65"]
[EventDate "2014.??.??"]
[WhiteTeam "BSG Wöhrlhaus Erlangen"]
[BlackTeam "SW Nürnberg Süd e.V."]

1. g3 e5 2. Bg2 Nf6 3. c3 d5 4. Nf3 e4 5. Nd4 c5 6. Nb3 Bd6 7. d3 exd3 8. Qxd3
Be6 9. Qc2 Nc6 10. O-O Rc8 11. Bg5 h6 12. Bxf6 Qxf6 13. N1d2 c4 14. Nc1 O-O 15.
e3 Rfe8 16. Ne2 Bf5 17. Qa4 Bg4 18. Rfe1 Ne5 19. Nf4 b5 20. Qa6 Rc6 21. Qxb5
Rb8 22. Qxd5 Bf8 23. Qd4 Rcb6 24. Nd5 Qe6 25. h3 Bf5 26. e4 Bg6 27. Nxb6 Rxb6
28. Qd5 Qf6 29. f4 Nd3 30. Re2 Bc5+ 31. Kh2 Nxf4 32. gxf4 Qxf4+ 33. Kh1 1-0